000 00523nam a2200181Ia 4500
003 IN-BaIIA
008 211028s9999 xx 000 0 eng d
040 _cIIA Library
080 _a523.4
_bNOU
100 _aNourse, Alan E
_99545
245 0 _aNine planets
_cAlan E Nourse
260 _aNew York
_bHarper and Row
_c1970
300 _axiv, 322p.
650 _aAstronomy and astrophysics thesaurus
650 _aPlanetary systems
_9965
650 _aPlanets
_9971
942 _cBK
999 _c5495
_d5495